LEADER 01769nam a2200337 a 4500 001 000000146174 003 CaOOAMICUS 005 20151001140558.0 008 151001s2015 vc u000 u ita r 020 $a978-88-465-1038-9 040 $aPUL$bita 100 1 $aSassanelli, Ivano.$0(OLS)http://pul/name/93545 245 13$aIl giudice laico: un fedele cristiano nella Chiesa e per la Chiesa :$bun commento dinamico al Can. 1421 2 /$cIvano Sassanelli. 260 $aCittą del Vaticano :$bLateran University Press,$c©2015. 300 $a230 p. ;$c21 cm 490 1 $aCorona Lateranensis ;$v69 500 $aIn testa al front: Pontificia Universitas Lateranensis. Facultas Iuris Canonici. 502 $aTesi -- Pontificia Universitas Lateranensis. Facultas Iuris Canonici. 2015. 504 $aBibliografia: p. [215]-226. 650 4$aDiritto processuale canonico$xGiudici.$0(OLS)http://pul/subject/42227 710 2 $aPontificia Universitą Lateranense.$bFacoltą di diritto canonico.$kTesi.$0(OLS)http://pul/name/81682 830 0$aCorona Lateranensis ;$v69.$0(OLS)http://pul/title/684 850 $aPUL 852 $aPUL$W1$xSL Religione 2$y84$mTheol A5b 69$j169051$qStampati Altre Collocazioni$B169835$CPULBib$Z2$F169835 $H126332 $81 852 $aPUL$W1$xDP1 Tesi Pon Univ. Lateranense$y41$m2015 C 38$j170907$qTesi$B171995$CPULBib$Z2$F171995 $82 941 1 $a10 941 1 $a16 996 $6020$a978-88-465-1038-9$9(OLS)http://pul/number/158752 996 $6245$aIl giudice laico: un fedele cristiano nella Chiesa e per la Chiesa :$bun commento dinamico al Can. 1421 2$9(OLS)http://pul/title/184799 996 $6260$aCittą del Vaticano :$bLateran University Press$9(OLS)http://pul/publisher/74585 LEADER 01300nam a2200265 a 4500 001 000000161304 003 CaOOAMICUS 005 20240403171655.0 008 170613s1977 it m 001 u ita r 032 $aLibriCat 040 $aPUL$bita 100 1 $aMarchesi, Giovanni,$cS.I.,$d1939-2007.$0(OLS)http://pul/name/57205 245 13$aLa cristologia di Hans Urs von Balthasar :$bla figura di Gesł Cristo, espressione visibile di Dio /$cGiovanni Marchesi. 260 $aRoma :$b[s.n.],$c1977. 300 $a91 p. ;$c25 cm. 502 $aEstratto di Tesi-- Pontificia Universitą Gregoriana. Facultas Theologiae.1976. 504 $aBibliografia in nota a pič pagina. 600 14$aBalthasar, Hans Urs von,$ccard.,$d1905-1988.$0(OLS)http://pul/subject/4491 710 2 $aPontificia Universitą Gregoriana.$bFacoltą di teologia.$kTesi.$0(OLS)http://pul/name/81592 850 $aPUL 852 $aPUL$W1$xDP1 Tesi Pon. Univ. Gregoriana$y40$mTH PUG 2579$j185262$qTesi$B188461$CPULBib$Z2$F188461 $H45095 $82 941 1 $a16 996 $6245$aLa cristologia di Hans Urs von Balthasar :$bla figura di Gesł Cristo, espressione visibile di Dio$9(OLS)http://pul/title/7473 996 $6260$aRoma :$b[s.n.]$9(OLS)http://pul/publisher/47958